000 00318nam a22001457a 4500
008 211011b ||||| |||| 00| 0 eng d
020 _a9780973140910
041 _aeng
080 _a610
082 _a610
100 _a4
101 _aSHM
245 _aGlutathione your key to health
_cGutman,J
942 _2udc
_cBK
999 _c58142
_d58142